Interfejsy sistem obrabotki dannych /

Guardado en:
Detalles Bibliográficos
Autores principales: Miačev, A.A (Autor), Stepanov, V.N (Autor), Ščerbo, Vladimir (Autor)
Formato: Libro
Lenguaje:ruso
Publicado: Moskva : Radio i svjaz, 1989
Etiquetas: Agregar Etiqueta
Sin Etiquetas, Sea el primero en etiquetar este registro!

MARC

LEADER 00000nam a22000003a 4500
001 stu1645
005 20150617225704.8
008 920519s1989----xxr-----------------rus-d
040 |a STU  |b slo 
041 0 |a rus 
044 |a xxr 
080 |a 681.327.022 
100 1 |a Miačev, A.A  |4 aut 
245 1 |a Interfejsy sistem obrabotki dannych /  |c [aut.] Miačev,A.A.; Stepanov,V.N.; řčerbo,V.K 
260 |a Moskva :  |b Radio i svjaz,  |c 1989 
300 |a 415 s 
700 1 |a Stepanov, V.N  |4 aut 
700 1 |a Ščerbo, Vladimir  |4 aut 
996 |c I*20SI4161  |l I  |s A  |a 24  |w stu1645_0001